| 000 | 00592nam a22001937a 4500 | ||
|---|---|---|---|
| 005 | 20170310152449.0 | ||
| 008 | 170310b xxu||||| |||| 00| 0 eng d | ||
| 040 | _aANE | ||
| 041 | _aEs | ||
| 082 | _appde20170310-4 | ||
| 110 | _aDiario Expreso 20170310 | ||
| 245 | _aLa elección del fiscal entra en combustión | ||
| 300 | _a20170310 | ||
| 650 | _aelección | ||
| 650 | _afiscal | ||
| 650 | _acombustión | ||
| 856 | _uhttp://documentacion.asambleanacional.gob.ec/alfresco/d/d/workspace/SpacesStore/516282bc-1115-4577-8858-3e4d15bd7379/ppde20170310-4.pdf | ||
| 942 |
_2ddc _cAP _zpc |
||
| 999 |
_c37435 _d37435 |
||